000 00582nam a2200181Ia 4500
008 090124s9999 xx 000 0 und d
082 _b115016
100 _aभोसेकर मु.गेनूजी
245 _a मी मुर्तिमंत पाप
250 _a1
260 _c1973
300 _a120
600 _aभोसेकर मु.गेनूजी
630 _a मी मुर्तिमंत पाप
700 _aभोसेकर मु.गेनूजी
730 _a मी मुर्तिमंत पाप
942 _cBOOK
999 _c161107
_d161107